[Event "Campeonato España Sub 18"]
[Site "Salobreña"]
[Date "2017.08.02"]
[Round "4"]
[White "Guerra Arrocha, Daniel"]
[Black "Bayo Milagro, Alvaro"]
[Result "0-1"]
[Board "13"]
[WhiteClock "1:30"]
[WhiteElo "2092"]
[WhiteCountry "ESP"]
[WhiteFideId "22242945"]
[WhiteEloChange "-5"]
[BlackClock "1:30"]
[BlackTitle "FM"]
[BlackElo "2288"]
[BlackCountry "ESP"]
[BlackFideId "22275240"]
[BlackEloChange "5"]

1. Nf3 {[%clk 1:30:00]} d5 {[%clk 1:30:00]} 2. g3 {[%clk 1:31:00]} Bg4 {[%clk
1:31:00]} 3. Bg2 {[%clk 1:30:00]} Nd7 {[%clk 1:31:00]} 4. c4 {[%clk 1:29:00]} e6
{[%clk 1:30:00]} 5. cxd5 {[%clk 1:29:00]} exd5 {[%clk 1:30:00]} 6. Qa4 {[%clk
1:30:00]} Nf6 {[%clk 1:30:00]} 7. Ne5 {[%clk 1:28:00]} Be6 {[%clk 1:26:00]} 8. d4
{[%clk 1:21:00]} c6 {[%clk 1:26:00]} 9. Nxd7 {[%clk 1:16:00]} Qxd7 {[%clk
1:24:00]} 10. O-O {[%clk 1:04:00]} Be7 {[%clk 1:13:00]} 11. Re1 {[%clk 1:03:00]}
Bh3 {[%clk 1:11:00]} 12. Bh1 {[%clk 0:57:00]} h5 {[%clk 1:11:00]} 13. Bg5 {[%clk
0:55:00]} h4 {[%clk 1:07:00]} 14. Bxf6 {[%clk 0:51:00]} Bxf6 {[%clk 1:07:00]} 15.
e4 {[%clk 0:52:00]} dxe4 {[%clk 1:07:00]} 16. Rxe4+ {[%clk 0:52:00]} Kf8 {[%clk
1:08:00]} 17. Qb4+ {[%clk 0:40:00]} Kg8 {[%clk 1:08:00]} 18. Nc3 {[%clk 0:38:00]}
hxg3 {[%clk 1:08:00]} 19. hxg3 {[%clk 0:37:00]} Bf5 {[%clk 0:57:00]} 20. Ree1
{[%clk 0:35:00]} Bd3 {[%clk 0:54:00]} 21. Bg2 {[%clk 0:35:00]} a5 {[%clk
0:53:00]} 22. Qa3 {[%clk 0:33:00]} Bxd4 {[%clk 0:50:00]} 23. Nd5 {[%clk 0:32:00]}
Bc4 {[%clk 0:39:00]} 24. Ne7+ {[%clk 0:32:00]} Kh7 {[%clk 0:39:00]} 25. Re4
{[%clk 0:09:15]} Bf6 {[%clk 0:38:00]} 26. Rxc4 {[%clk 0:06:11]} Qxe7 {[%clk
0:38:00]} 27. Qd3+ {[%clk 0:05:40]} g6 {[%clk 0:38:00]} 28. Re4 {[%clk 0:05:51]}
Qc7 {[%clk 0:38:00]} 29. Rae1 {[%clk 0:05:11]} Rad8 {[%clk 0:38:00]} 30. Qf3
{[%clk 0:04:32]} Kg7 {[%clk 0:39:00]} 31. Qe2 {[%clk 0:01:33]} Rh5 {[%clk
0:38:00]} 32. Bf3 {[%clk 0:01:52]} Rf5 {[%clk 0:35:00]} 33. Bg4 {[%clk 0:01:36]}
Rfd5 {[%clk 0:35:00]} 34. Qc4 {[%clk 0:01:37]} Qb6 {[%clk 0:36:00]} 35. R1e2
{[%clk 0:01:01]} Bxb2 {[%clk 0:35:00]} 36. Bf3 {[%clk 0:00:52]} Bf6 {[%clk
0:34:00]} 37. Rf4 {[%clk 0:00:48]} Rd4 {[%clk 0:31:00]} 38. Rxd4 {[%clk 0:00:52]}
Rxd4 {[%clk 0:32:00]} 39. Qc2 {[%clk 0:01:02]} Qb5 {[%clk 0:32:00]} 40. Kg2
{[%clk 0:00:56]} a4 {[%clk 0:31:00]} 41. Re4 {[%clk 0:00:33]} Qb4 {[%clk
0:30:00]} 42. Rxd4 {[%clk 0:00:41]} Bxd4 {[%clk 0:30:00]} 43. Bd1 {[%clk
0:00:59]} a3 {[%clk 0:30:00]} 44. Qe4 {[%clk 0:01:14]} Qd2 {[%clk 0:30:00]} 45.
Be2 {[%clk 0:00:31]} c5 {[%clk 0:30:00]} 46. Kf3 {[%clk 0:00:32]} Qe1 {[%clk
0:30:00]} 0-1

[Event "Campeonato España Sub 18"]
[Site "Salobreña"]
[Date "2017.08.02"]
[Round "4"]
[White "Pulido Esteban, Francisco Daniel"]
[Black "Galiana Fernandez, Adrian"]
[Result "1-0"]
[Board "14"]
[WhiteClock "1:30"]
[WhiteElo "2065"]
[WhiteCountry "ESP"]
[WhiteFideId "22274839"]
[WhiteEloChange "15"]
[BlackClock "1:30"]
[BlackElo "2274"]
[BlackCountry "ESP"]
[BlackFideId "32010150"]
[BlackEloChange "-15"]

1. e4 {[%clk 1:30:00]} c5 {[%clk 1:30:00]} 2. Nc3 {[%clk 1:31:00]} d6 {[%clk
1:31:00]} 3. g3 {[%clk 1:31:00]} g6 {[%clk 1:31:00]} 4. Bg2 {[%clk 1:31:00]} Bg7
{[%clk 1:32:00]} 5. d3 {[%clk 1:32:00]} Nc6 {[%clk 1:32:00]} 6. f4 {[%clk
1:31:00]} Rb8 {[%clk 1:32:00]} 7. Nf3 {[%clk 1:30:00]} b5 {[%clk 1:32:00]} 8. O-O
{[%clk 1:24:00]} b4 {[%clk 1:21:00]} 9. Ne2 {[%clk 1:24:00]} Nf6 {[%clk 1:20:00]}
10. h3 {[%clk 1:18:00]} Ba6 {[%clk 1:08:00]} 11. g4 {[%clk 1:15:00]} c4 {[%clk
1:09:00]} 12. Be3 {[%clk 1:15:00]} cxd3 {[%clk 0:52:00]} 13. cxd3 {[%clk
1:16:00]} Nd7 {[%clk 0:53:00]} 14. d4 {[%clk 1:10:00]} Qb6 {[%clk 0:52:00]} 15.
Kh1 {[%clk 0:52:00]} O-O {[%clk 0:46:00]} 16. Qd2 {[%clk 0:51:00]} Bxe2 {[%clk
0:46:00]} 17. Qxe2 {[%clk 0:52:00]} Nxd4 {[%clk 0:46:00]} 18. Qf2 {[%clk
0:52:00]} e5 {[%clk 0:47:00]} 19. Rfd1 {[%clk 0:52:00]} Nc5 {[%clk 0:37:00]} 20.
Nxd4 {[%clk 0:51:00]} exd4 {[%clk 0:38:00]} 21. Bxd4 {[%clk 0:52:00]} Bxd4 {[%clk
0:37:00]} 22. Qxd4 {[%clk 0:52:00]} Rfd8 {[%clk 0:34:00]} 23. Rd2 {[%clk
0:48:00]} Qa5 {[%clk 0:18:59]} 24. b3 {[%clk 0:37:00]} Ne6 {[%clk 0:11:28]} 25.
Qf6 {[%clk 0:35:00]} Qc5 {[%clk 0:11:40]} 26. f5 {[%clk 0:31:00]} Nf4 {[%clk
0:08:05]} 27. fxg6 {[%clk 0:31:00]} Nxg6 {[%clk 0:08:13]} 28. Rad1 {[%clk
0:25:00]} Qc3 {[%clk 0:08:31]} 29. Qxc3 {[%clk 0:25:00]} bxc3 {[%clk 0:08:53]}
30. Rc2 {[%clk 0:25:00]} Rbc8 {[%clk 0:07:19]} 31. Rd3 {[%clk 0:24:00]} Kf8
{[%clk 0:07:45]} 32. Rdxc3 {[%clk 0:24:00]} Rxc3 {[%clk 0:07:55]} 33. Rxc3 {[%clk
0:24:00]} Ke7 {[%clk 0:02:58]} 34. Kg1 {[%clk 0:24:00]} Rd7 {[%clk 0:03:12]} 35.
Kf2 {[%clk 0:24:00]} Kf6 {[%clk 0:03:24]} 36. Ke3 {[%clk 0:20:00]} Ke5 {[%clk
0:03:48]} 37. Rc2 {[%clk 0:19:49]} Nf4 {[%clk 0:02:28]} 38. Bf1 {[%clk 0:19:22]}
d5 {[%clk 0:00:59]} 39. Rc5 {[%clk 0:18:48]} h5 {[%clk 0:00:34]} 40. gxh5 {[%clk
0:18:38]} f5 {[%clk 0:00:47]} 41. exf5 {[%clk 0:16:08]} Kxf5 {[%clk 0:00:37]} 42.
Bd3+ {[%clk 0:16:17]} Kg5 {[%clk 0:00:32]} 43. h4+ {[%clk 0:16:32]} Kg4 {[%clk
0:00:49]} 44. h6 {[%clk 0:16:50]} d4+ {[%clk 0:00:32]} 45. Kd2 {[%clk 0:17:13]}
Nxd3 {[%clk 0:00:35]} 46. Kxd3 {[%clk 0:17:37]} Kxh4 {[%clk 0:01:01]} 47. Rc1
{[%clk 0:16:33]} Kg5 {[%clk 0:01:02]} 48. Rh1 {[%clk 0:16:53]} Rh7 {[%clk
0:01:22]} 49. Kxd4 {[%clk 0:17:14]} Kf6 {[%clk 0:01:44]} 50. Kd5 {[%clk 0:17:37]}
Ke7 {[%clk 0:01:58]} 51. Ke5 {[%clk 0:17:37]} 1-0

[Event "Campeonato España Sub 18"]
[Site "Salobreña"]
[Date "2017.08.02"]
[Round "4"]
[White "Laiz Ibanez, Hector"]
[Black "Martinez Lopez, Carlos"]
[Result "1/2-1/2"]
[Board "15"]
[WhiteClock "1:30"]
[WhiteTitle "FM"]
[WhiteElo "2269"]
[WhiteCountry "ESP"]
[WhiteFideId "2216710"]
[WhiteEloChange "-6"]
[BlackClock "1:30"]
[BlackElo "2034"]
[BlackCountry "ESP"]
[BlackFideId "32041659"]
[BlackEloChange "6"]

1. e4 {[%clk 1:30:00]} c5 {[%clk 1:30:00]} 2. Nf3 {[%clk 1:30:00]} d6 {[%clk
1:30:00]} 3. d4 {[%clk 1:31:00]} cxd4 {[%clk 1:30:00]} 4. Nxd4 {[%clk 1:31:00]}
Nf6 {[%clk 1:31:00]} 5. Nc3 {[%clk 1:31:00]} a6 {[%clk 1:31:00]} 6. Qf3 {[%clk
1:24:00]} g6 {[%clk 1:24:00]} 7. h3 {[%clk 1:23:00]} Bg7 {[%clk 1:23:00]} 8. Be3
{[%clk 1:23:00]} Qc7 {[%clk 1:22:00]} 9. g4 {[%clk 1:13:00]} e6 {[%clk 1:12:00]}
10. O-O-O {[%clk 1:11:00]} O-O {[%clk 1:12:00]} 11. g5 {[%clk 0:47:00]} Nh5
{[%clk 1:08:00]} 12. Qg2 {[%clk 0:46:00]} Nc6 {[%clk 1:07:00]} 13. Kb1 {[%clk
0:32:00]} Nxd4 {[%clk 1:06:00]} 14. Bxd4 {[%clk 0:32:00]} Bxd4 {[%clk 1:06:00]}
15. Rxd4 {[%clk 0:33:00]} Nf4 {[%clk 1:06:00]} 16. Qg3 {[%clk 0:32:00]} e5 {[%clk
1:06:00]} 17. Nd5 {[%clk 0:29:00]} Nxd5 {[%clk 1:06:00]} 18. Rxd5 {[%clk
0:30:00]} Be6 {[%clk 1:06:00]} 19. Rd1 {[%clk 0:30:00]} f5 {[%clk 1:01:00]} 20.
exf5 {[%clk 0:25:00]} Rxf5 {[%clk 0:52:00]} 21. h4 {[%clk 0:20:00]} Qf7 {[%clk
0:52:00]} 22. Rxd6 {[%clk 0:20:00]} Rxf2 {[%clk 0:52:00]} 23. Bd3 {[%clk
0:20:00]} Bxa2+ {[%clk 0:52:00]} 24. Ka1 {[%clk 0:20:00]} Bd5 {[%clk 0:52:00]}
25. Re1 {[%clk 0:20:00]} e4 {[%clk 0:52:00]} 26. Rxd5 {[%clk 0:20:00]} Qxd5
{[%clk 0:52:00]} 27. Qxf2 {[%clk 0:20:00]} exd3 {[%clk 0:52:00]} 28. cxd3 {[%clk
0:20:00]} Qxd3 {[%clk 0:52:00]} 29. Qf6 {[%clk 0:20:00]} Qd7 {[%clk 0:52:00]} 30.
Re7 {[%clk 0:20:00]} Qd1+ {[%clk 0:52:00]} 31. Ka2 {[%clk 0:20:00]} Qa4+ {[%clk
0:52:00]} 32. Kb1 {[%clk 0:20:00]} 1/2-1/2

[Event "Campeonato España Sub 18"]
[Site "Salobreña"]
[Date "2017.08.02"]
[Round "4"]
[White "Castillo Dalmau, Albert"]
[Black "Henderson de La Fuente, Andrea"]
[Result "1-0"]
[Board "16"]
[WhiteClock "1:30"]
[WhiteElo "2258"]
[WhiteCountry "ESP"]
[WhiteFideId "32009925"]
[WhiteEloChange "4"]
[BlackClock "1:30"]
[BlackElo "2031"]
[BlackCountry "ESP"]
[BlackFideId "32096577"]
[BlackEloChange "-4"]

1. d4 {[%clk 1:30:00]} d6 {[%clk 1:30:00]} 2. Nf3 {[%clk 1:31:00]} Nf6 {[%clk
1:31:00]} 3. g3 {[%clk 1:31:00]} g6 {[%clk 1:31:00]} 4. Bg2 {[%clk 1:32:00]} Bg7
{[%clk 1:31:00]} 5. a4 {[%clk 1:31:00]} a5 {[%clk 1:30:00]} 6. c3 {[%clk
1:31:00]} Nbd7 {[%clk 1:22:00]} 7. O-O {[%clk 1:29:00]} O-O {[%clk 1:20:00]} 8.
Nbd2 {[%clk 1:30:00]} c6 {[%clk 1:16:00]} 9. Qc2 {[%clk 1:23:00]} e5 {[%clk
1:11:00]} 10. dxe5 {[%clk 1:18:00]} dxe5 {[%clk 1:07:00]} 11. Nc4 {[%clk
1:17:00]} Qc7 {[%clk 1:01:00]} 12. b3 {[%clk 1:15:00]} b5 {[%clk 0:47:00]} 13.
Ncd2 {[%clk 0:49:00]} Nd5 {[%clk 0:36:00]} 14. e4 {[%clk 0:44:00]} N5b6 {[%clk
0:31:00]} 15. Ba3 {[%clk 0:44:00]} Re8 {[%clk 0:31:00]} 16. Rfd1 {[%clk 0:44:00]}
Bf8 {[%clk 0:29:00]} 17. Bxf8 {[%clk 0:35:00]} Nxf8 {[%clk 0:24:00]} 18. axb5
{[%clk 0:26:00]} cxb5 {[%clk 0:24:00]} 19. Bf1 {[%clk 0:26:00]} Bd7 {[%clk
0:17:01]} 20. c4 {[%clk 0:24:00]} Ne6 {[%clk 0:11:39]} 21. Rdc1 {[%clk 0:24:00]}
bxc4 {[%clk 0:09:56]} 22. Nxc4 {[%clk 0:24:00]} Nxc4 {[%clk 0:08:58]} 23. Qxc4
{[%clk 0:24:00]} Qxc4 {[%clk 0:08:05]} 24. Bxc4 {[%clk 0:24:00]} f6 {[%clk
0:05:37]} 25. Bd5 {[%clk 0:24:00]} Ra7 {[%clk 0:05:23]} 26. Nd2 {[%clk 0:23:00]}
Kg7 {[%clk 0:04:55]} 27. Kg2 {[%clk 0:23:00]} Nd4 {[%clk 0:03:42]} 28. Rc5 {[%clk
0:22:00]} a4 {[%clk 0:03:18]} 29. bxa4 {[%clk 0:22:00]} Rxa4 {[%clk 0:03:24]} 30.
Rxa4 {[%clk 0:22:00]} Bxa4 {[%clk 0:03:52]} 31. Rc7+ {[%clk 0:22:00]} Kh6 {[%clk
0:03:55]} 32. Nc4 {[%clk 0:22:00]} Rd8 {[%clk 0:03:29]} 33. Rf7 {[%clk 0:22:00]}
f5 {[%clk 0:01:32]} 34. Nxe5 {[%clk 0:21:00]} Re8 {[%clk 0:01:35]} 35. f4 {[%clk
0:21:00]} Bc2 {[%clk 0:01:15]} 36. exf5 {[%clk 0:21:00]} gxf5 {[%clk 0:00:39]}
37. Rd7 {[%clk 0:19:38]} Nb3 {[%clk 0:00:39]} 1-0

[Event "Campeonato España Sub 18"]
[Site "Salobreña"]
[Date "2017.08.02"]
[Round "4"]
[White "Presa Villa, Andres"]
[Black "Rottenwohrer Suarez, Juan"]
[Result "0-1"]
[Board "17"]
[WhiteClock "1:30"]
[WhiteElo "2058"]
[WhiteCountry "ESP"]
[WhiteFideId "32008651"]
[WhiteEloChange "-6"]
[BlackClock "1:30"]
[BlackTitle "CM"]
[BlackElo "2214"]
[BlackCountry "ESP"]
[BlackFideId "32068182"]
[BlackEloChange "6"]

1. e4 {[%clk 1:30:00]} c5 {[%clk 1:30:00]} 2. Nf3 {[%clk 1:31:00]} g6 {[%clk
1:30:00]} 3. d4 {[%clk 1:31:00]} cxd4 {[%clk 1:31:00]} 4. Nxd4 {[%clk 1:31:00]}
Nc6 {[%clk 1:31:00]} 5. c4 {[%clk 1:32:00]} Nf6 {[%clk 1:28:00]} 6. Nc3 {[%clk
1:32:00]} d6 {[%clk 1:29:00]} 7. Be2 {[%clk 1:32:00]} Nxd4 {[%clk 1:28:00]} 8.
Qxd4 {[%clk 1:32:00]} Bg7 {[%clk 1:29:00]} 9. Be3 {[%clk 1:30:00]} O-O {[%clk
1:29:00]} 10. Qd2 {[%clk 1:31:00]} Be6 {[%clk 1:29:00]} 11. f3 {[%clk 1:26:00]}
Qa5 {[%clk 1:27:00]} 12. Nd5 {[%clk 1:01:00]} Qxd2+ {[%clk 1:19:00]} 13. Kxd2
{[%clk 1:01:00]} Nxd5 {[%clk 1:03:00]} 14. cxd5 {[%clk 0:42:00]} Bd7 {[%clk
1:02:00]} 15. Rac1 {[%clk 0:42:00]} Rfc8 {[%clk 0:59:00]} 16. Rxc8+ {[%clk
0:27:00]} Rxc8 {[%clk 0:59:00]} 17. Rc1 {[%clk 0:27:00]} Rxc1 {[%clk 0:54:00]}
18. Kxc1 {[%clk 0:27:00]} a6 {[%clk 0:55:00]} 19. Kc2 {[%clk 0:25:00]} f5 {[%clk
0:52:00]} 20. Bc4 {[%clk 0:21:00]} Kf7 {[%clk 0:44:00]} 21. b4 {[%clk 0:17:33]}
Ba4+ {[%clk 0:38:00]} 22. Kd3 {[%clk 0:12:27]} fxe4+ {[%clk 0:28:00]} 23. fxe4
{[%clk 0:12:32]} Be5 {[%clk 0:25:00]} 24. h3 {[%clk 0:11:11]} Kf6 {[%clk
0:25:00]} 25. Bb3 {[%clk 0:09:35]} Bb5+ {[%clk 0:16:56]} 26. Bc4 {[%clk 0:09:59]}
Ba4 {[%clk 0:14:04]} 27. Bb3 {[%clk 0:10:20]} Bxb3 {[%clk 0:13:55]} 28. axb3
{[%clk 0:10:43]} Bg3 {[%clk 0:14:18]} 29. Bb6 {[%clk 0:06:43]} Be1 {[%clk
0:13:59]} 30. b5 {[%clk 0:06:05]} axb5 {[%clk 0:13:49]} 31. Bd4+ {[%clk 0:06:14]}
Kg5 {[%clk 0:11:58]} 32. Ke2 {[%clk 0:05:07]} Bg3 {[%clk 0:10:54]} 33. Kf3 {[%clk
0:05:22]} Be5 {[%clk 0:10:15]} 34. Bb6 {[%clk 0:04:25]} Bc3 {[%clk 0:10:08]} 35.
Bd8 {[%clk 0:04:16]} Kf6 {[%clk 0:10:16]} 36. Bc7 {[%clk 0:04:08]} Bb4 {[%clk
0:06:52]} 37. Kf4 {[%clk 0:01:50]} Kf7 {[%clk 0:04:53]} 38. Kg5 {[%clk 0:01:25]}
Bc5 {[%clk 0:03:55]} 39. Ba5 {[%clk 0:00:56]} b4 {[%clk 0:04:15]} 40. Bc7 {[%clk
0:01:15]} Be3+ {[%clk 0:04:25]} 41. Kg4 {[%clk 0:01:32]} Ke8 {[%clk 0:04:43]} 42.
e5 {[%clk 0:00:59]} Kd7 {[%clk 0:04:49]} 43. exd6 {[%clk 0:01:24]} exd6 {[%clk
0:05:11]} 44. Bb8 {[%clk 0:01:39]} Bc5 {[%clk 0:05:13]} 45. Kg5 {[%clk 0:01:50]}
Kc8 {[%clk 0:05:22]} 46. Kh6 {[%clk 0:01:47]} Kxb8 {[%clk 0:05:37]} 47. Kxh7
{[%clk 0:01:47]} g5 {[%clk 0:06:04]} 48. Kg6 {[%clk 0:01:56]} Be3 {[%clk
0:06:32]} 49. g3 {[%clk 0:01:54]} Kc7 {[%clk 0:06:28]} 50. Kf5 {[%clk 0:02:06]}
Kb6 {[%clk 0:06:31]} 51. Ke4 {[%clk 0:02:21]} Bf2 {[%clk 0:05:52]} 52. Kf3 {[%clk
0:02:36]} Be1 {[%clk 0:05:52]} 0-1

[Event "Campeonato España Sub 18"]
[Site "Salobreña"]
[Date "2017.08.02"]
[Round "4"]
[White "Porlan Minarro, Antonio"]
[Black "Porta Tovar, Guillem"]
[Result "0-1"]
[Board "18"]
[WhiteClock "n/a"]
[WhiteElo "2038"]
[WhiteCountry "ESP"]
[WhiteFideId "22294821"]
[WhiteEloChange "-6"]
[BlackClock "n/a"]
[BlackElo "2202"]
[BlackCountry "ESP"]
[BlackFideId "32008341"]
[BlackEloChange "6"]

1. e4 {[%clk 1:30:30]} c5 {[%clk 1:30:30]} 2. Nf3 {[%clk 1:30:30]} d6 {[%clk
1:30:30]} 3. Nc3 {[%clk 1:30:30]} Nc6 {[%clk 1:30:30]} 4. d4 {[%clk 1:30:30]}
cxd4 {[%clk 1:30:30]} 5. Nxd4 {[%clk 1:30:30]} Nf6 {[%clk 1:30:30]} 6. Nb3 {[%clk
1:30:30]} g6 {[%clk 1:30:30]} 7. Bd3 {[%clk 1:30:30]} Bg7 {[%clk 1:30:30]} 8. O-O
{[%clk 1:30:30]} O-O {[%clk 1:30:30]} 9. Qe2 {[%clk 1:30:30]} Ne5 {[%clk
1:30:30]} 10. f4 {[%clk 1:30:30]} Nxd3 {[%clk 1:30:30]} 11. cxd3 {[%clk 1:30:30]}
b6 {[%clk 1:30:30]} 12. Be3 {[%clk 1:30:30]} Ba6 {[%clk 1:30:30]} 13. Nd4 {[%clk
1:30:30]} Rc8 {[%clk 1:30:30]} 14. Ndb5 {[%clk 1:30:30]} Qd7 {[%clk 1:30:30]} 15.
a4 {[%clk 1:30:30]} d5 {[%clk 1:30:30]} 16. e5 {[%clk 1:30:30]} Ng4 {[%clk
1:30:30]} 17. Bd4 {[%clk 1:30:30]} h5 {[%clk 1:30:30]} 18. Rae1 {[%clk 1:30:30]}
e6 {[%clk 1:30:30]} 19. h3 {[%clk 1:30:30]} Nh6 {[%clk 1:30:30]} 20. g4 {[%clk
1:30:30]} hxg4 {[%clk 1:30:30]} 21. hxg4 {[%clk 1:30:30]} Qe7 {[%clk 1:30:30]}
22. Rf2 {[%clk 1:30:30]} Qb4 {[%clk 1:30:30]} 23. Be3 {[%clk 1:30:30]} Bxb5
{[%clk 1:30:30]} 24. Nxb5 {[%clk 1:30:30]} Nxg4 {[%clk 1:30:30]} 25. Bd2 {[%clk
1:30:30]} Qxa4 {[%clk 1:30:30]} 26. Qxg4 {[%clk 1:30:30]} Qxb5 {[%clk 1:30:30]}
27. Qh3 {[%clk 1:30:30]} Rc2 {[%clk 1:30:30]} 28. Rh2 {[%clk 1:30:30]} Rfc8
{[%clk 1:30:30]} 29. f5 {[%clk 1:30:30]} Rxd2 {[%clk 1:30:30]} 30. Qh7+ {[%clk
1:30:30]} Kf8 {[%clk 1:30:30]} 31. Rxd2 {[%clk 1:30:30]} exf5 {[%clk 1:30:30]}
32. e6 {[%clk 1:30:30]} Re8 {[%clk 1:30:30]} 33. Rc2 {[%clk 1:30:30]} fxe6 {[%clk
1:30:30]} 34. Qxg6 {[%clk 1:30:30]} Qd7 {[%clk 1:30:30]} 35. Rec1 {[%clk
1:30:30]} Qf7 {[%clk 1:30:30]} 36. Qxf7+ {[%clk 1:30:30]} Kxf7 {[%clk 1:30:30]}
37. Rc7+ {[%clk 1:30:30]} Kg6 {[%clk 1:30:30]} 38. b4 {[%clk 1:30:30]} b5 {[%clk
1:30:30]} 39. Kf2 {[%clk 1:30:30]} Bd4+ {[%clk 1:30:30]} 40. Ke2 {[%clk 1:30:30]}
Rh8 {[%clk 1:30:30]} 41. R1c6 {[%clk 1:30:30]} Kf6 {[%clk 1:30:30]} 42. Rd7
{[%clk 1:30:30]} Ke5 {[%clk 1:30:30]} 43. Re7 {[%clk 1:30:30]} Rh6 {[%clk
1:30:30]} 44. Kf3 {[%clk 1:30:30]} f4 {[%clk 1:30:30]} 45. Kg4 {[%clk 1:30:30]}
Rg6+ {[%clk 1:30:30]} 46. Kf3 {[%clk 1:30:30]} Rg3+ {[%clk 1:30:30]} 47. Ke2
{[%clk 1:30:30]} f3+ {[%clk 1:30:30]} 48. Ke1 {[%clk 1:30:30]} f2+ {[%clk
1:30:30]} 49. Ke2 {[%clk 1:30:30]} Rg6 {[%clk 1:30:30]} 50. Rf7 {[%clk 1:30:30]}
Rg1 {[%clk 1:30:30]} 51. Rxf2 {[%clk 1:30:30]} Bxf2 {[%clk 1:30:30]} 52. Kxf2
{[%clk 1:30:30]} Rg4 {[%clk 1:30:30]} 53. Ra6 {[%clk 1:30:30]} Rxb4 {[%clk
1:30:30]} 54. Rxa7 {[%clk 1:30:30]} Kd4 {[%clk 1:30:30]} 55. Ke2 {[%clk 1:30:30]}
Rb2+ {[%clk 1:30:30]} 0-1

[Event "Campeonato España Sub 18"]
[Site "Salobreña"]
[Date "2017.08.02"]
[Round "4"]
[White "Redondo Benavente, Ana"]
[Black "Jimenez Ruano, Adrian"]
[Result "1/2-1/2"]
[Board "19"]
[WhiteClock "1:30"]
[WhiteTitle "WFM"]
[WhiteElo "2026"]
[WhiteCountry "ESP"]
[WhiteFideId "32021674"]
[WhiteEloChange "4"]
[BlackClock "1:30"]
[BlackElo "2171"]
[BlackCountry "ESP"]
[BlackFideId "22276050"]
[BlackEloChange "-4"]

1. e4 {[%clk 1:30:00]} c5 {[%clk 1:29:00]} 2. b3 {[%clk 1:31:00]} Nc6 {[%clk
1:25:00]} 3. Bb2 {[%clk 1:31:00]} d6 {[%clk 1:24:00]} 4. Bb5 {[%clk 1:30:00]} e5
{[%clk 1:22:00]} 5. Ne2 {[%clk 1:25:00]} Nf6 {[%clk 1:22:00]} 6. d3 {[%clk
1:25:00]} Be7 {[%clk 1:21:00]} 7. O-O {[%clk 1:26:00]} O-O {[%clk 1:21:00]} 8.
Bxc6 {[%clk 1:20:00]} bxc6 {[%clk 1:21:00]} 9. Nd2 {[%clk 1:21:00]} Qc7 {[%clk
1:20:00]} 10. Nc4 {[%clk 1:16:00]} Re8 {[%clk 1:18:00]} 11. Qe1 {[%clk 1:08:00]}
Nh5 {[%clk 1:13:00]} 12. Ne3 {[%clk 1:05:00]} Bg5 {[%clk 1:07:00]} 13. Qd1 {[%clk
0:53:00]} g6 {[%clk 0:49:00]} 14. Kh1 {[%clk 0:50:00]} Be6 {[%clk 0:48:00]} 15.
Nc4 {[%clk 0:50:00]} Rad8 {[%clk 0:47:00]} 16. Bc3 {[%clk 0:39:00]} Qb8 {[%clk
0:44:00]} 17. Na5 {[%clk 0:37:00]} Bd7 {[%clk 0:36:00]} 18. Bd2 {[%clk 0:34:00]}
Bf6 {[%clk 0:31:00]} 19. Rb1 {[%clk 0:34:00]} d5 {[%clk 0:28:00]} 20. b4 {[%clk
0:33:00]} c4 {[%clk 0:23:00]} 21. dxc4 {[%clk 0:30:00]} dxc4 {[%clk 0:21:00]} 22.
Ng3 {[%clk 0:25:00]} Ng7 {[%clk 0:17:47]} 23. Qe2 {[%clk 0:21:00]} Qb5 {[%clk
0:15:52]} 24. Be3 {[%clk 0:21:00]} a6 {[%clk 0:13:34]} 25. Qxc4 {[%clk 0:21:00]}
Qxc4 {[%clk 0:12:56]} 26. Nxc4 {[%clk 0:21:00]} Be6 {[%clk 0:13:17]} 27. Na5
{[%clk 0:21:00]} Bxa2 {[%clk 0:12:09]} 28. Rb2 {[%clk 0:19:41]} Be6 {[%clk
0:12:09]} 29. Nxc6 {[%clk 0:18:47]} Rc8 {[%clk 0:12:36]} 30. Na5 {[%clk 0:17:42]}
Be7 {[%clk 0:12:59]} 31. Bd2 {[%clk 0:17:39]} h5 {[%clk 0:11:59]} 32. Rc1 {[%clk
0:17:22]} Red8 {[%clk 0:06:03]} 33. Nf1 {[%clk 0:10:39]} Ne8 {[%clk 0:05:41]} 34.
f3 {[%clk 0:09:18]} Nd6 {[%clk 0:05:35]} 35. c3 {[%clk 0:07:56]} f5 {[%clk
0:04:18]} 36. exf5 {[%clk 0:07:38]} gxf5 {[%clk 0:04:34]} 37. Be3 {[%clk
0:07:23]} Nb5 {[%clk 0:03:08]} 38. c4 {[%clk 0:05:35]} Na3 {[%clk 0:02:24]} 39.
Bc5 {[%clk 0:04:20]} Bg5 {[%clk 0:00:40]} 40. Be3 {[%clk 0:01:37]} Bxe3 {[%clk
0:01:02]} 41. Nxe3 {[%clk 0:02:06]} f4 {[%clk 0:01:23]} 42. Rb3 {[%clk 0:01:07]}
Nb5 {[%clk 0:00:43]} 43. Nf1 {[%clk 0:01:03]} Nd4 {[%clk 0:00:56]} 44. Rb2 {[%clk
0:01:26]} Kf7 {[%clk 0:00:51]} 45. Kg1 {[%clk 0:01:53]} Rg8 {[%clk 0:01:16]} 46.
Kf2 {[%clk 0:02:16]} Rg7 {[%clk 0:01:13]} 47. g3 {[%clk 0:01:59]} Rcg8 {[%clk
0:01:29]} 48. b5 {[%clk 0:00:55]} axb5 {[%clk 0:01:40]} 49. cxb5 {[%clk 0:00:55]}
Kf6 {[%clk 0:01:38]} 50. b6 {[%clk 0:00:55]} Bd5 {[%clk 0:01:37]} 51. b7 {[%clk
0:00:55]} Rb8 {[%clk 0:01:37]} 52. Rc8 {[%clk 0:00:55]} Rg8 {[%clk 0:01:37]} 53.
Rb6+ {[%clk 0:00:55]} Kf5 {[%clk 0:01:37]} 54. Rxg8 {[%clk 0:00:55]} Bxg8 {[%clk
0:01:37]} 55. Ra6 {[%clk 0:00:55]} Bd5 {[%clk 0:01:37]} 56. Ra8 {[%clk 0:00:55]}
Rxa8 {[%clk 0:01:17]} 57. bxa8Q {[%clk 0:00:55]} Bxa8 {[%clk 0:01:12]} 58. Nd2
{[%clk 0:00:55]} Bd5 {[%clk 0:01:12]} 59. Nac4 {[%clk 0:00:55]} Nxf3 {[%clk
0:01:12]} 60. Nd6+ {[%clk 0:00:55]} Ke6 {[%clk 0:01:12]} 61. Nxf3 {[%clk
0:00:55]} fxg3+ {[%clk 0:01:12]} 62. hxg3 {[%clk 0:00:55]} Bxf3 {[%clk 0:01:34]}
63. Nc4 {[%clk 0:01:24]} Bg4 {[%clk 0:00:55]} 64. Ke3 {[%clk 0:01:49]} Kf5 {[%clk
0:00:44]} 65. Nd6+ {[%clk 0:02:08]} Ke6 {[%clk 0:01:06]} 66. Ne4 {[%clk 0:01:57]}
Bf5 {[%clk 0:01:25]} 67. Ng5+ {[%clk 0:02:10]} Kf6 {[%clk 0:01:42]} 68. Nf3
{[%clk 0:02:35]} Bh7 {[%clk 0:01:08]} 69. Kf2 {[%clk 0:02:20]} Be4 {[%clk
0:00:58]} 70. Nd2 {[%clk 0:02:19]} Bd5 {[%clk 0:01:18]} 71. Nf1 {[%clk 0:02:45]}
Kg5 {[%clk 0:01:19]} 72. Ne3 {[%clk 0:02:54]} Bf7 {[%clk 0:00:52]} 73. Nf1 {[%clk
0:03:16]} Kg4 {[%clk 0:00:46]} 74. Nh2+ {[%clk 0:03:07]} Kf5 {[%clk 0:00:58]} 75.
Nf3 {[%clk 0:02:55]} Bd5 {[%clk 0:01:05]} 76. Nd2 {[%clk 0:03:04]} Ba8 {[%clk
0:00:58]} 77. Ke3 {[%clk 0:03:16]} Kg4 {[%clk 0:01:06]} 78. Kf2 {[%clk 0:03:45]}
e4 {[%clk 0:01:02]} 79. Nc4 {[%clk 0:04:00]} Kf5 {[%clk 0:00:58]} 80. Ne3+ {[%clk
0:03:49]} Ke5 {[%clk 0:01:14]} 81. Nc2 {[%clk 0:04:03]} Bc6 {[%clk 0:01:08]} 82.
Ke3 {[%clk 0:04:12]} Bd7 {[%clk 0:01:30]} 83. Nd4 {[%clk 0:03:56]} Bg4 {[%clk
0:01:35]} 84. Nc6+ {[%clk 0:04:08]} Kd6 {[%clk 0:01:32]} 85. Nd4 {[%clk 0:03:55]}
Kd5 {[%clk 0:01:54]} 86. Nb5 {[%clk 0:03:51]} Bf3 {[%clk 0:02:01]} 87. Nd4 {[%clk
0:04:11]} Bh1 {[%clk 0:01:25]} 88. Nb5 {[%clk 0:04:26]} Ke5 {[%clk 0:01:11]} 89.
Nd4 {[%clk 0:04:52]} Bg2 {[%clk 0:01:30]} 90. Nc2 {[%clk 0:04:24]} Kf5 {[%clk
0:01:21]} 91. Kf2 {[%clk 0:04:21]} Bf3 {[%clk 0:01:20]} 92. Nd4+ {[%clk 0:03:41]}
Kg4 {[%clk 0:01:40]} 93. Nc2 {[%clk 0:04:09]} Kh3 {[%clk 0:00:37]} 94. Ne3 {[%clk
0:03:02]} Kh2 {[%clk 0:00:37]} 95. Nf1+ {[%clk 0:03:08]} Kh3 {[%clk 0:00:54]} 96.
Ne3 {[%clk 0:03:08]} 1/2-1/2